Countries That Drive on the Left - Sudden Death - Statistics

General Stats
  • This quiz has been taken 3,101 times
    2,879 since last reset
  • The average score is 18 of 20
Answers on the Grid
Answers color-coded by a green-red scale on the quiz's grid according to % correct below.
Australia
Bahamas
Bangladesh
Canada
China
Colombia
Fiji
France
Germany
Guyana
India
Indonesia
Ireland
Italy
Japan
Kenya
Malaysia
Marshall Islands
Mexico
Namibia
New Zealand
Pakistan
Russia
Singapore
South Africa
Spain
Sri Lanka
Tanzania
Thailand
Turkey
United Kingdom
United States
 
Answer Stats
Answer % Correct
Australia
97%
United Kingdom
96%
New Zealand
94%
South Africa
92%
India
91%
Ireland
91%
Singapore
91%
Bangladesh
90%
Fiji
90%
Kenya
89%
Sri Lanka
89%
Bahamas
88%
Malaysia
88%
Pakistan
88%
Tanzania
87%
Namibia
86%
Guyana
85%
Thailand
85%
Indonesia
84%
Japan
77%
No matching quizzes found
Score Distribution
Percent of People with Each Score
Percentile by Number Answered
Your Score History
You have not taken this quiz since the last reset